Models of urban structure/ (Record no. 548798)
[ view plain ]
| 000 -LEADER | |
|---|---|
| fixed length control field | 00394nam a22001457a 4500 |
| 020 ## - INTERNATIONAL STANDARD BOOK NUMBER | |
| International Standard Book Number | 0-669-61366-5 |
| 082 ## - DEWEY DECIMAL CLASSIFICATION NUMBER | |
| Classification number | 711.4 |
| Author Mark | MOD |
| 100 ## - MAIN ENTRY--PERSONAL NAME | |
| Personal name | Sweet, David C |
| 9 (RLIN) | 45224 |
| 245 ## - TITLE STATEMENT | |
| Title | Models of urban structure/ |
| Statement of responsibility, etc. | Sweet, David C |
| 260 ## - PUBLICATION, DISTRIBUTION, ETC. | |
| Place of publication, distribution, etc. | London, |
| Name of publisher, distributor, etc. | D.C heath and company |
| 300 ## - PHYSICAL DESCRIPTION | |
| Extent | 252p.: |
| Other physical details | ill,; |
| Dimensions | 20 cm. |
| 526 ## - STUDY PROGRAM INFORMATION NOTE | |
| Program name | 0 |
| Interest level | 0 |
| Reading level | 0 |
| Title point value | 711_400000000000000_MOD |
| 650 ## - SUBJECT ADDED ENTRY--TOPICAL TERM | |
| Topical term or geographic name entry element | MCE |
| 9 (RLIN) | 379 |
| 942 ## - ADDED ENTRY ELEMENTS (KOHA) | |
| Source of classification or shelving scheme | |
| Koha item type | Book |
| Withdrawn status | Lost status | Source of classification or shelving scheme | Damaged status | Not for loan | Permanent Location | Current Location | Date acquired | Total Checkouts | Full call number | Barcode | Date last seen | Price effective from | Koha item type |
|---|---|---|---|---|---|---|---|---|---|---|---|---|---|
| Military College of Engineering (MCE) | Military College of Engineering (MCE) | 09/08/2014 | 711.4 MOD | MCE-42038 | 09/08/2014 | 09/08/2014 | Book |
